| 000 | 00582nam a2200253Ia 4500 | ||
|---|---|---|---|
| 005 | 20250425162538.0 | ||
| 008 | 250425s9999 xx 000 0 und d | ||
| 020 | _a0201627698 | ||
| 041 | _aeng | ||
| 082 | _a004.019 | ||
| 100 | _aPREECE, JENNY | ||
| 245 | 0 | _aHUMAN COMPUTER INTERACTION | |
| 250 | _a1ST ED. | ||
| 260 | _aHARLOW | ||
| 260 |
_aReino Unido _bADDISON - WESLEY _c1994 |
||
| 300 | _a775 | ||
| 650 | _aCOMUNICACIONES | ||
| 650 | _aPROTOTIPOS | ||
| 700 | _aROGERS, IVONNE | ||
| 700 | _aSHARP, HELEN | ||
| 710 | _aS.A. | ||
| 942 | _c01 | ||
| 010 | _a84574 | ||
| 999 |
_c231423 _d231423 |
||